| 000 | 01342cab a22002175a 4500 | ||
|---|---|---|---|
| 001 | L149592 | ||
| 008 | 100323s20100313xxk 000 0 eng d | ||
| 035 | _a(Sirsi) u149592 | ||
| 041 | 0 | _aeng | |
| 245 | 0 | 0 | _aKemp v Fisher and others |
| 260 | _c2010 | ||
| 490 |
_aEstates Gazette _v(1010) 13 March 2010, 118-125(8) |
||
| 520 | _a[2009] EWHC 3657 (CH) 24 November 2009. Claimant tenant K held a tenancy of an agricultural holding to which Agricultural Holdings Act 1986 Part IV applied. Consensual successions by grant of new tenancy to different family members in 1972 and 1998. Defendants F contended that the statutory succession provisions of the 1986 Act no longer applied to the tenancy since the maximum of two successions permitted had already been made under s37(1) and (2). K's claim allowed on the grounds that pre 1976 tenancies predated the statutory provisions of the statutory succession scheme introduced by the Agriculture (Miscellaneous Provisons) Act 1976 and the creation of the Agricultural Land Tribunal. | ||
| 590 | _aKA | ||
| 650 | 2 | 4 | _aKEMP V FISHER AND ANOTHER |
| 650 | 2 | 4 | _aAGRICULTURAL HOLDINGS ACT 1986 |
| 650 | 2 | 4 | _aAGRICULTURE (MISCELLANEOUS PROVISIONS) ACT 1976 |
| 651 | 4 | _aENGLAND AND WALES | |
| 690 | _aPROPERTY-LEASEHOLD PROPERTY-LANDLORD AND TENANT-TENANCIES-AGRICULTURAL TENANCIES | ||
| 942 | _n0 | ||
| 999 |
_c82219 _d82219 |
||